Ako znie slovenčina v Chicagu (reportáž k vydávaniu "Ľudových novín" v Chicagu)

Bibliographic Details
Main Author: Kerný, Dušan, 1941- (Author)
Format: Article
Language:Slovak
PhysicalDescription:Obr.
Subjects:

MARC

LEADER 00000nab a2200000 ar4500
001 vtls010031058
003 SK-MaSNL
005 20260303045747.0
008 091211c19730609xo dr|n|||||||000 b|slo
015 |a SNBRB2010/01  |2 snkbucl 
038 |a SNKBUCL 
040 |a SNKBUCL  |b slo  |c SNKBUCL  |e AACR2 
041 0 |a slo 
044 |a xo  |c SK 
080 |a 070.48  |2 2001 
100 1 |a Kerný, Dušan,  |d 1941-  |4 aut  |9 109131 
245 1 0 |a Ako znie slovenčina v Chicagu  |b (reportáž k vydávaniu "Ľudových novín" v Chicagu)  |c Dušan Kerný 
300 |b Obr. 
630 0 7 |a Ľudové noviny  |2 snkbucl  |9 374630 
650 0 7 |a vydávanie  |2 snkbucl  |9 879677 
773 0 |t Pravda  |g (9.6.1973), s. 6 
852 |a SNK  |b KIS3GCP 
999 |c 1704939  |d 1706869